| 000 | 00659nam a2200253 a 4500 | ||
|---|---|---|---|
| 001 | nice12345678 | ||
| 003 | IN_TiNIC | ||
| 005 | 20260116013359.0 | ||
| 008 | 050524s1983 lona grp 000 0 eng | ||
| 020 |
_a _c332.26 |
||
| 082 | 0 | 0 |
_a280.40942 _bFUL |
| 100 | _aFulbrook, Mary | ||
| 245 |
_aPiety and Politics _b Religion and the Rise of Absolutism in England |
||
| 260 |
_aLondon _bCambridge University _c1983 |
||
| 300 | _a215p | ||
| 500 | _aincludes index and biblioraphy | ||
| 505 | 2 | _aIndex | |
| 650 | _aProtestantism | ||
| 650 | _aBritish-India Politics | ||
| 700 | 1 | _aFulbrook, Mary | |
| 902 | _bSRS | ||
| 942 | _cBK | ||
| 999 |
_c10781 _d10781 |
||